Sławni ludzie - Rumunia i Mołdawia - Statystyki

Ogólne statystyki
  • Ten quiz został rozwiązany 5 razy
  • Średni wynik to 3 z 15
Statystyki odpowiedzi
Państwo pochodzenia Opis Sławna osoba % Poprawnych
Mołdawia Prezydentka Mołdawii od 2020 roku Maia Sandu
75%
Rumunia Dyktator Rumunii w latach 1967-1989 Nicolae Ceausescu
75%
Rumunia Tenisistka, była liderka światowego rankingu WTA, zwyciężczyni Roland Garros i Wimbledonu Simona Halep
75%
Mołdawia Reprezentantka Mołdawii na Eurowizji 2014 Cristina Scarlat
25%
Rumunia Popularny piosenkarz stylu manele. Jego utwory to np. "Bine ma" czy "Manele noi" Florin Salam
25%
Rumunia Aktor znany z roli Bucky'ego Barnesa, znanego również jako Zimowy Żołnierz w filmach Marvela Sebastian Stan
25%
Rumunia Przywódca Rumunów w Siedmiogrodzie podczas Wiosny Ludów Avram Iancu
0%
Mołdawia Założyciel niepoległego Księstwa Mołdawskiego. Odłączył je od Węgier Bogdan I
0%
Rumunia Pierwszy król Rumunii, poprowadził państwo do odzyskania niepodległości od Imperium Osmańskiego Carol I
0%
Rumunia Reżyser, zdobywca Złotej Palmy w Cannes za film "4 miesiące, 3 tygodnie i 2 dni" Cristian Mungiu
0%
Mołdawia Piosenkarka jazzowa i reprezentantka Mołdawii na Eurowizji 2008 Geta Burlacu
0%
Rumunia Królowa Rumunii, żona Ferdynanda I, odegrała dużą rolę dyplomatyczną po I wojnie światowej Regina Maria
0%
Mołdawia Judoka. Brązowy medalista igrzysk olimpijskich 2016 Sergiu Toma
0%
Mołdawia Najważniejsza osoba dla Mołdawii. Obronił ją przed Turkami i Tatarami Stefan cel Mare
0%
Rumunia Książę Wołoszczyzny znany z brutalnych metod rządzenia. Stał się inspiracją do postaci drakuli Wlad III Palownik
0%
Nie znaleziono quizów pasujących do podanych kryteriów
Rozkład punktacji
Procent ludzi z każdym wynikiem
Percentyl według liczby udzielonych odpowiedzi
Twoja historia wyników
Nie rozwiązałeś tego quizu